Rainbow boys /

Salvato in:
Dettagli Bibliografici
Autore principale: Sanchez, Alex
Altri autori: Pini, Gianluca
Natura: Libro
Pubblicazione: Roma Playground 2011
Edizione:4. ed.
Serie:High School
Tags: Aggiungi Tag
Nessun Tag, puoi essere il primo ad aggiungerne!!

MARC

LEADER 00000nam a22000007i 4500
001 CDOM0000005183
003 mi
005 20251029134553.0
008 041125b it |||||| ||||| |||||c
020 |a 9788889113066 
040 |c mi 
100 |a Sanchez, Alex 
245 1 |a Rainbow boys /  |c Alex Sanchez ; traduzione di Gianluca Pini. 
250 |a 4. ed. 
260 |a Roma  |b Playground  |c 2011 
300 |a 189 p.  |c 20 cm. 
490 |a High School 
700 |a Pini, Gianluca 
942 |2 ddc  |c BK 
952 |0 0  |1 0  |2 ddc  |4 0  |6 B_LNR02SANALRAI21  |7 0  |9 7689  |a MI  |b MI  |d 2012-03-21  |i 6413  |l 0  |o B-LNR02-SANAL-RAI21  |p CDOM6413  |r 2025-07-13 16:28:00  |w 2025-07-13  |x DONO  |y BK 
999 |c 6365  |d 6365